000
00281nam a2200109Ia 4500
008
200302s9999 xx 000 0 und d
100
_a
Erberto Lo Bue(ed)
245
_a
Wonders of Lo The Artistic Heritage of Mustang
260
_b
Marg Publication
260
_c
2010
300
_a
164P;
999
_c
2836
_d
2836